000 00739am a2200265a 44500
003 AR-BaBNM
005 20251128211156.0
008 143020s2003 #AR|||||||||||000 | spa||
020 _a950-802-149-7
040 _cAR-BaBNM
100 1 _aMendicoa, Gloria Edel
245 1 0 _aSobre tesis y tesistas
_blecciones de enseñanza-aprendizaje
250 _a1ª ed.
260 _aBuenos Aires
_bEspacio Editorial
_c2003
300 _a220 p.
490 0 _aCiencias sociales
504 _aBibliografía en p. 187
650 4 _aINVESTIGACION CIENTIFICA
650 4 _aMETODOS DE INVESTIGACION
650 4 _aTESIS
650 4 _aELABORACION DE INFORMES
650 4 _aINVESTIGACION EN CIENCIAS SOCIALES
942 _cBK
998 _cAlicia
999 _c18582
_d18582